Water distribution system monitoring : (Record no. 332066)

000 -LEADER
fixed length control field 01408cam a2200337 a 4500
001 - CONTROL NUMBER
control field 15455904
003 - CONTROL NUMBER IDENTIFIER
control field NUST
005 - DATE AND TIME OF LATEST TRANSACTION
control field 20171109093836.0
008 - FIXED-LENGTH DATA ELEMENTS--GENERAL INFORMATION
fixed length control field 080918s2009 flua b 001 0 eng
010 ## - LIBRARY OF CONGRESS CONTROL NUMBER
LC control number 2008040755
015 ## - NATIONAL BIBLIOGRAPHY NUMBER
National bibliography number GBA8D7273
Source bnb
016 7# - NATIONAL BIBLIOGRAPHIC AGENCY CONTROL NUMBER
Record control number 014845677
Source Uk
020 ## - INTERNATIONAL STANDARD BOOK NUMBER
International Standard Book Number 9781439800522 (alk. paper)
020 ## - INTERNATIONAL STANDARD BOOK NUMBER
International Standard Book Number 1439800529 (alk. paper)
035 ## - SYSTEM CONTROL NUMBER
System control number (OCoLC)ocn244418887
040 ## - CATALOGING SOURCE
Original cataloging agency DLC
Transcribing agency DLC
Modifying agency BTCTA
-- BAKER
-- YDXCP
-- UKM
-- C#P
-- BWX
-- CDX
-- DLC
050 00 - LIBRARY OF CONGRESS CALL NUMBER
Classification number TD491
Item number .C363 2009
082 00 - DEWEY DECIMAL CLASSIFICATION NUMBER
Classification number 628.15 CAN
Edition number 22
100 1# - MAIN ENTRY--PERSONAL NAME
Personal name Cantor, Abigail F.
9 (RLIN) 6206
245 10 - TITLE STATEMENT
Title Water distribution system monitoring :
Remainder of title a practical approach for evaluating drinking water quality /
Statement of responsibility, etc. Abigail F. Cantor.
260 ## - PUBLICATION, DISTRIBUTION, ETC.
Place of publication, distribution, etc. Boca Raton :
Name of publisher, distributor, etc. CRC Press,
Date of publication, distribution, etc. c2009.
300 ## - PHYSICAL DESCRIPTION
Extent xxv, 203 p. :
Other physical details ill. ;
Dimensions 25 cm.
500 ## - GENERAL NOTE
General note H.B
504 ## - BIBLIOGRAPHY, ETC. NOTE
Bibliography, etc. note Includes bibliographical references (p. 193-195) and index.
650 #0 - SUBJECT ADDED ENTRY--TOPICAL TERM
Topical term or geographic name entry element Water-pipes
General subdivision Monitoring.
9 (RLIN) 6207
650 #0 - SUBJECT ADDED ENTRY--TOPICAL TERM
Topical term or geographic name entry element Water quality
General subdivision Measurement.
9 (RLIN) 6132
650 #0 - SUBJECT ADDED ENTRY--TOPICAL TERM
Topical term or geographic name entry element Water
General subdivision Distribution
-- Quality control.
9 (RLIN) 6208
650 #0 - SUBJECT ADDED ENTRY--TOPICAL TERM
Topical term or geographic name entry element Drinking water
General subdivision Lead content.
9 (RLIN) 6209
650 #0 - SUBJECT ADDED ENTRY--TOPICAL TERM
Topical term or geographic name entry element Drinking water
General subdivision Copper content.
9 (RLIN) 6210
856 41 - ELECTRONIC LOCATION AND ACCESS
Materials specified Table of contents only
Uniform Resource Identifier <a href="http://www.loc.gov/catdir/toc/ecip0828/2008040755.html">http://www.loc.gov/catdir/toc/ecip0828/2008040755.html</a>
906 ## - LOCAL DATA ELEMENT F, LDF (RLIN)
a 7
b cbc
c orignew
d 1
e ecip
f 20
g y-gencatlg
942 ## - ADDED ENTRY ELEMENTS (KOHA)
Source of classification or shelving scheme
Koha item type Book
Call number prefix IESE
Holdings
Withdrawn status Lost status Source of classification or shelving scheme Damaged status Not for loan Collection code Permanent Location Current Location Shelving location Date acquired Total Checkouts Full call number Barcode Date last seen Price effective from Koha item type
            Institute of Environmental Science and Engineering (IESE) Institute of Environmental Science and Engineering (IESE) General Stacks 11/09/2017   628.15 CAN IESE-2714 11/09/2017 11/09/2017 Book
© 2023 Central Library, National University of Sciences and Technology. All Rights Reserved.